Lebensmittel, die nach Personen benannt sind - Statistiken

Allgemein
  • Dieses Quiz wurde 168 mal gespielt
  • Das Durchschnittsergebnis liegt bei 9 aus 22
Antwortstatistiken
Lebensmittel Person Antwort % Korrekt
Praline aus Schokolade, Marzipan, Pistazie und Nougat Komponist der Wiener Klassik, komponierte die kleine Nachtmusik und die Zauberflöte Mozartkugel
99%
Sauer marinierter Hering, traditionell mit Zwiebeln und Salat im Brötchen gegessen "Eiserner Kanzler", welcher eine tragende Rolle bei der deutschen Reichseinigung spielte Bismarckhering
85%
Schokoladenkuchen mit Schichten aus Marillenkonfitüre Bäcker, welcher den Kuchen erfand. Nachkommen gründeten ein bekanntes Hotel in Wien Sachertorte
72%
Geräucherter Dornhai oder mit Sahne gefüllter gerollter Blätterteig Schriftsteller der Weimarer Klassik, schrieb die Räuber und Willhelm Tell Schillerlocke
62%
Rechteckiger Butterkeks der Firma Bahlsen mit 52 Zähnen Universalgenie, welche zu binären Zahlen forschte, die Monadentheorie der Philosophie aufstellte und eine Rechenmaschine erfand Leibniz-Keks
57%
Vielfältige Zutaten, welche von zwei Brotscheiben umgeben sind Britischer Staatsmann und Minister der Admiralität, nach dem auch eine Inselgruppe im Südatlantik benannt wurde Sandwich
53%
Cocktail aus Wodka, Tomatensaft, Zitronensaft, Worcestershiresauce und Gewürzen Letzte katholische Königin Englands, welche Protestanten verfolgen ließ Bloody Mary
48%
Russischer Kuchen, welcher aus Blätterteig und Buttercremeschichten besteht Erster Kaiser Frankreichs, welcher zeitweise fast ganz Kontinentaleuropa dominierte Napoleon-Torte
48%
Mit Bergamotte aromatisierter Schwarztee Britischer Premierminister, welcher den Sklaverei in den Kolonien verbot und das Monopol der East India Company aufhob Earl Grey
47%
Italienischer Teigfladen, traditionell mit Tomaten, Basilikum und Mozzarella überbacken Als Ehefrau von Umberto I Königin Italiens Pizza Margherita
47%
Schoko-, Vanille- und Erdbeereis Preußischer Adliger, welcher sich in Muskau ein Schloss mit berühmter Gartenanlage erbauen ließ Fürst Pückler Eis
44%
Der Mandarine ähnliche Zitrusfrucht Französischer Missionar in Algerien, welche diese Frucht züchtete Clementine
39%
Dünn geschnittenes rohes Rindfleisch, häufig mit Rucola serviert Venezianischer Maler der Frührenaissance Carpaccio
38%
Geschnetzeltes aus Rinderfilet mit Zwiebeln, Rahm und Senf Russischer Adliger, dessen Köche das Gericht erfunden haben sollen Bœuf Stroganoff
37%
Rinderfilet mit Pilzen und Blätterteig ummantelt General, welcher das britische Heer während der Schlacht von Waterloo kommandierte Beef Wellington
36%
Mit geschmolzenem Käse übergossene Tortilla-Chips Mexikanischer Koch, welcher dieses Gericht erfand Nachos
31%
Vanilleeis mit halben Pfirsich, Läuterzucker und Himbeerpüree Australische Opernsängerin, welche Ende des 19. und Anfang des 20. zu den bekanntesten Primadonnen der Oper gehörte Pfirsich Melba
30%
Alkoholfreier Cocktail aus Ginger Ale, Grenadine und Cocktailkirsche Schauspielerin, welche vor allem für ihre Kindheitsrollen in den 30er/40er Jahren mit Sang und Tanzeinlagen bekannt ist Shirley Temple
24%
Kleines Süßgebäck aus Sandkuchenteig in einer Art länglicher Muschelform Erfinderin des Gerichtes, welche als Köchin am Hof des Herzogs von Lothringen arbeitete Madeleine
19%
Doppellendensteak vom RInd, welches häufig mit Sauce béarnaise serviert wird Adliger Schriftsteller, welcher als Begründer der Romantik in Frankreich gilt. Schrieb Atala und René Chateaubriand
8%
Amerikanischer Keks aus Volkornmehl Prediger, welcher Enthaltsamkeit von Alkohol, Fleisch und Masturbation predigte Graham-Cracker
8%
Frittiertes Hühnchen in Süß-Würziger Soße Chinesischer Militär, welcher sich an der Niederschlagung des Taiping-Aufstandes beteiligte General Tsos Hühnchen
5%
Keine übereinstimmenden Quizze gefunden
Verteilung der Resultate
Anzahl Personen mit jedem Resultat
Perzentil nach korrekt beantworteten Fragen
Ihre Resultats-Entwicklung
Sie haben dieses Quiz noch nicht gespielt